| 000 | 00707nam a2200229 u 4500 | ||
|---|---|---|---|
| 005 | 20220916063531.0 | ||
| 008 | 120627s2010 r 000 0 eng d | ||
| 020 | _a9786074714395 | ||
| 035 | _aUPN01000185486 | ||
| 049 | _aI | ||
| 050 | 4 |
_aPZ8 _bS5.6 |
|
| 100 | 1 |
_aSimon, Francesca, _d1955- |
|
| 245 | 1 | 0 |
_aPablo diablo / _cFrancesca Simon ; il. de Tony Ross ; tr. de Miguel Azaola. |
| 260 |
_aMéxico : _bSM, _c2010. |
||
| 300 |
_a95 p. : _bil. |
||
| 440 | 3 |
_aEl barco de vapor. _pA partir de 7 años ; _v26-M |
|
| 534 |
_pTítulo original: _tHorrid henry |
||
| 650 | 7 |
_aLiteratura infantil estadounidense _2 _99173 |
|
| 650 | 4 |
_aHUMORISMO INFANTIL _915728 |
|
| 905 | _aInfantil | ||
| 999 |
_c157589 _d157589 |
||